Score 0/25 Timer 03:00
0 Plays Today
Rank City % Correct
1Chicago, Illinois
99.2%
4Indianapolis, Indiana
92.5%
3Phoenix, Arizona
91.7%
7Memphis, Tennessee
90%
13Las Vegas, Nevada
90%
9Nashville, Tennessee
89.2%
5Columbus, Ohio
88.3%
10Denver, Colorado
88.3%
21Cleveland, Ohio
87.5%
23Minneapolis, Minnesota
87.5%
6Detroit, Michigan
85.8%
14Oklahoma City, Oklahoma
85%
17Kansas City, Missouri
84.2%
Rank City % Correct
2Philadelphia, Pennsylvania
83.3%
11Louisville, Kentucky
82.5%
12Milwaukee, Wisconsin
80%
20Omaha, Nebraska
75.8%
22Tulsa, Oklahoma
72.5%
15Albuquerque, New Mexico
69.2%
16Tucson, Arizona
67.5%
18Mesa, Arizona
61.7%
19Colorado Springs, Colorado
59.2%
24Wichita, Kansas
57.5%
25Aurora, Colorado
46.7%
8Washington D.C.
24.2%

You're not logged in!

Compare scores with friends on all Sporcle quizzes.
OR
Log In

Sporcle TV

Today on Sporcle TV


Watch our educational content, quiz creation guides, and fun videos on Sporcle TV.

Show Comments

Extras

Top Quizzes Today


Score Distribution

Paid Content

Your Account Isn't Verified!

In order to create a playlist on Sporcle, you need to verify the email address you used during registration. Go to your Sporcle Settings to finish the process.

Report this User

Report this user for behavior that violates our Community Guidelines.

Details: